00519nam a2200205Ia 4500008004100000020001500041050001200056050001400068100002100082245003000103260002400133260002700157260000900184300002500193300001100218440001300229650002000242650003800262650001300300170203s9999 xx 000 0 und d a9622582303 a959.921 b.K19 1998 aJose, Ricardo T. 4aThe Japanese occupation / aMandaluyong City :  bAsia Publishing House. c1998 b10 v. : col. ill. ;  c29 cm. vvolume 7 aPhilippines --  aPhilippines -- Social conditions. xHistory.